Planning for sustainable agricultural development / (Record no. 310)
[ view plain ]
| 000 -LEADER | |
|---|---|
| fixed length control field | 00681nam a22002297a 4500 |
| 001 - CONTROL NUMBER | |
| control field | BD-DhSAU 310 |
| 003 - CONTROL NUMBER IDENTIFIER | |
| control field | BD-DhSAU |
| 005 - DATE AND TIME OF LATEST TRANSACTION | |
| control field | 20141231193413.0 |
| 008 - FIXED-LENGTH DATA ELEMENTS--GENERAL INFORMATION | |
| fixed length control field | 141125b1995 ii a|||| |||| 001 0 eng d |
| 020 ## - INTERNATIONAL STANDARD BOOK NUMBER | |
| International Standard Book Number | 8171412637 |
| 040 ## - CATALOGING SOURCE | |
| Transcribing agency | BD-DhSAU |
| 082 ## - DEWEY DECIMAL CLASSIFICATION NUMBER | |
| Edition number | 22 |
| Classification number | 630 |
| Item number | KHP |
| 100 ## - MAIN ENTRY--PERSONAL NAME | |
| Personal name | Khanna, Sulbha |
| Dates associated with a name | Dr. |
| 245 ## - TITLE STATEMENT | |
| Title | Planning for sustainable agricultural development / |
| Statement of responsibility, etc. | Sulbha Khanna |
| 260 ## - PUBLICATION, DISTRIBUTION, ETC. (IMPRINT) | |
| Place of publication, distribution, etc. | New Delhi, India : |
| Name of publisher, distributor, etc. | Discovery publishing house. |
| Date of publication, distribution, etc. | 1995. |
| 300 ## - PHYSICAL DESCRIPTION | |
| Extent | xiii, 132 p. : |
| Other physical details | illl, ; |
| Dimensions | 22 cm. |
| 504 ## - BIBLIOGRAPHY, ETC. NOTE | |
| Bibliography, etc | Includes index & references. |
| 590 ## - Name of Cataloguer | |
| Name of Cataloger | Sakey |
| 650 ## - SUBJECT ADDED ENTRY--TOPICAL TERM | |
| Topical term or geographic name as entry element | Agronomy |
| 650 ## - SUBJECT ADDED ENTRY--TOPICAL TERM | |
| Topical term or geographic name as entry element | Traditional agriculture. |
| 650 ## - SUBJECT ADDED ENTRY--TOPICAL TERM | |
| Topical term or geographic name as entry element | Nature of Commercial. |
| 942 ## - ADDED ENTRY ELEMENTS (KOHA) | |
| Source of classification or shelving scheme | Dewey Decimal Classification |
| Koha item type | Book |
| Withdrawn status | Lost status | Source of classification or shelving scheme | Damaged status | Not for loan | Home library | Branch Name | Shelving location | Date acquired | Total Checkouts | Full call number | Barcode | Date last seen | Price effective from | Koha item type | Collection code | Date checked out |
|---|---|---|---|---|---|---|---|---|---|---|---|---|---|---|---|---|
| Dewey Decimal Classification | SAU Library | SAU Library | General Stacks | 24/05/1998 | 630 KHP | 27307 | 31/12/2014 | 31/12/2014 | Book | |||||||
| Dewey Decimal Classification | SAU Library | SAU Library | General Stacks | 24/05/1998 | 630 KHP | 27306 | 31/12/2014 | 31/12/2014 | Book | |||||||
| Dewey Decimal Classification | Not For Loan | SAU Library | SAU Library | Reference | 29/06/2000 | 630 KHP | 28146 | 06/01/2015 | 06/01/2015 | Book | Reference | |||||
| Dewey Decimal Classification | SAU Library | SAU Library | General Stacks | 29/06/2000 | 6 | 630 KHP | 28147 | 21/08/2017 | 11/02/2015 | Book | 21/08/2017 |
